Sports Quiz

Random Sports Quiz

New York Giants Hall Of Famers Quiz Stats

Quiz not verified by Sporcle

Challenge
Share
Tweet
Embed
Score 0/30 Timer 15:00
0 Plays Today
Hall of Famers % Correct
Lawrence Taylor
93.9%
Y.A. Tittle
84.3%
Frank Gifford
76.9%
Harry Carson
70.7%
Tim Mara
69.9%
Wellington Mara
69.9%
Fran Tarkenton
58.5%
Sam Huff
55%
Mel Hein
38.4%
Andy Robustelli
37.6%
Rosey Brown
37.1%
Emlen Tunnell
36.7%
Steve Owen
24%
Larry Csonka
19.7%
Tuffy Leemans
17.9%
Hall of Famers % Correct
Ken Strong
17.9%
Don Maynard
14.8%
Arnie Weinmeister
12.7%
12.7%
12.7%
12.7%
Benny Friedman
11.4%
Ray Flaherty
8.3%
Jim Thorpe
7.9%
Cal Hubbard
7.4%
Red Badgro
6.6%
Arner Herber
5.7%
Hugh McElhenny
4.8%
Pete Henry
3.5%
Jon Guyon
3.1%

You're not logged in!

Compare scores with friends on all Sporcle quizzes.
Sign Up with Email
OR
Log In

You Might Also Like...

Show Comments

Extras

Top Quizzes Today


Score Distribution

Your Account Isn't Verified!

In order to create a playlist on Sporcle, you need to verify the email address you used during registration. Go to your Sporcle Settings to finish the process.

Report this User

Report this user for behavior that violates our Community Guidelines.

Details: